000 00215nam a2200085Ia 4500
008 120527s9999 xx 000 0 und d
100 _aBURNS, K
245 _aFocus on Solution A health Profesional's guide
942 _cBK
999 _c25768
_d25768